000 00697nam a22002537a 4500
003 CHAP
005 20220329134153.0
008 971013s1945 r 00010 d
010 _a16490
011 _a17462
035 _a21545
040 _cCHAP
082 _a632.952
_bH67
100 0 0 _aHorsfall, James Gordon.
_956281
245 _aFungicides and their action
260 _aWaltham :
_bChronica Botanica,
_c1945
300 _a239 p.
_b: ilus.
590 _aBATCH-UPD
_b10
_c20130110
_lUCH01
_h2041
590 _aCONVERSION
_b10
_c20130109
_lUCH01
_h1310
650 1 4 _aFungicidas.
_944044
901 _aBK
942 _cLIBRO
949 _a632.952 H67
_bBC
_cLIBRO
_d-50159
_eBPA
_h23266
_i21545
_si
999 _c16490
_d16490